A korai (T1, T2) glotticus és supraglotticus gégerák endoscopos CO2 laser sebészete
Elmentve itt :
| Szerzők: | |
|---|---|
| Dokumentumtípus: | Prezentáció |
| Kulcsszavak: | gégebetegség daganat rákbetegség lézersebészet |
| Tárgyszavak: | |
| Online Access: | http://eta.bibl.u-szeged.hu/1111 |
| LEADER | 00895nnm a2200253 i 4500 | ||
|---|---|---|---|
| 001 | eta1111 | ||
| 005 | 20190430113645.0 | ||
| 008 | 181128suuuu hu o 0|| hun d | ||
| 040 | |a SZTE Elektronikus Tananyag Archívum |b hun | ||
| 041 | |a hun | ||
| 100 | 1 | |a Csanády Miklós | |
| 245 | 1 | 2 | |a A korai (T1, T2) glotticus és supraglotticus gégerák endoscopos CO2 laser sebészete |h [elektronikus dokumentum] / |c Csanády Miklós |
| 516 | |a Presentation | ||
| 650 | 4 | |a Orvos- és egészségtudomány | |
| 650 | 4 | |a Klinikai orvostan | |
| 650 | 4 | |a Sebészet | |
| 650 | 4 | |a Onkológia | |
| 650 | 4 | |a Fül-orr-gégészet | |
| 695 | |a gégebetegség | ||
| 695 | |a daganat | ||
| 695 | |a rákbetegség | ||
| 695 | |a lézersebészet | ||
| 700 | 0 | 1 | |a Tóbiás Zoltán |e aut |
| 856 | 4 | 0 | |u https://eta.bibl.u-szeged.hu/1111/1/a_korai_glotticus_es_supraglotticus_gegerak_endoscopos_laser_sebeszete.pptx |z Dokumentum-elérés |